Top 25 Trading Partners - Uzbekistan - Statistics

General Stats
  • This quiz has been taken 79 times
  • The average score is 41 of 50
Answer Stats
Hint Answer % Correct
8th Place: 137 Tajikistan
100%
17th Place: 144 Tajikistan
100%
1st Place: 2,120 China
99%
1st Place: 3,539 China
99%
3rd Place: 1,219 Kazakhstan
97%
4th Place: 1,537 Kazakhstan
97%
2nd Place: 1,636 Russia
97%
2nd Place: 3,382 Russia
97%
16th Place: 35 Turkmenistan
96%
15th Place: 237 Turkmenistan
96%
9th Place: 134 United Kingdom
96%
14th Place: 252 India
95%
6th Place: 251 Kyrgyzstan
95%
20th Place: 126 Kyrgyzstan
95%
11th Place: 314 United States of America
95%
24th Place: 12 Germany
93%
6th Place: 699 Germany
93%
7th Place: 164 Iran
93%
19th Place: 133 Iran
93%
18th Place: 33 South Korea
93%
3rd Place: 1,936 South Korea
93%
7th Place: 683 Japan
92%
21st Place: 29 Pakistan
92%
4th Place: 865 Turkey
92%
5th Place: 1,098 Turkey
92%
10th Place: 92 Ukraine
88%
10th Place: 326 Ukraine
88%
22nd Place: 110 France
86%
5th Place: 467 Afghanistan
82%
19th Place: 30 Azerbaijan
81%
20th Place: 29 United Arab Emirates
78%
25th Place: 11 Italy
76%
13th Place: 267 Italy
76%
18th Place: 133 Netherlands
76%
22nd Place: 28 Vietnam
76%
15th Place: 36 Poland
74%
21st Place: 120 Poland
74%
14th Place: 37 Belarus
73%
9th Place: 373 Belarus
73%
12th Place: 38 Indonesia
73%
24th Place: 67 Malaysia
72%
13th Place: 37 Bangladesh
69%
11th Place: 54 Singapore
64%
23rd Place: 100 Austria
58%
16th Place: 145 Switzerland
58%
12th Place: 276 Lithuania
51%
23rd Place: 15 Estonia
49%
17th Place: 34 Latvia
49%
8th Place: 382 Latvia
49%
25th Place: 63 Czech Republic
36%
No matching quizzes found
Score Distribution
Percent of People with Each Score
Percentile by Number Answered
Your Score History
You have not taken this quiz